000
00250 a2200097 4500
001
39816
100
_a
Hodson H V
245
_a
The Great Divide: Britain India Pakistan
260
_a
Karachi
_b
Oxford University Press
_c
1985
090
_c
24820
_d
24820
942
_a
NUST-CAE
_c
M
_c
16470
999
_c
274889
_d
274889